Make 'em laugh : famous comedians and their worlds /

Bibliographic Details
Main Author: Midwinter, Eric C.
Format: Book
Language:English
Published: London ; Boston : Allen & Unwin, 1979.
Subjects:

MARC

Tag First Indicator Second Indicator Subfields
LEADER 00000cam a2200000 i 4500
001 in00000023279
005 20151007064346.0
008 790913s1979 enka 00110ceng
010 |a  79314974  
015 |a GB*** 
020 |a 0047920114 :  |c 6.95 
035 |a (OCoLC)05616564 
035 |9 AAD9658AM 
040 |a DLC  |c DLC  |d TXA  |d UtOrBLW 
043 |a e-uk--- 
049 |a TXAM  |c [1160418] 
050 0 0 |a PN2597  |b .M5 
082 0 |a 791/.092/2 
100 1 |a Midwinter, Eric C. 
245 1 0 |a Make 'em laugh :  |b famous comedians and their worlds /  |c Eric Midwinter. 
264 1 |a London ;  |a Boston :  |b Allen & Unwin,  |c 1979. 
300 |a 209 pages :  |b illustrations ;  |c 26 cm. 
336 |a text  |b txt  |2 rdacontent 
337 |a unmediated  |b n  |2 rdamedia 
338 |a volume  |b nc  |2 rdacarrier 
500 |a Includes index. 
650 0 |a Comedians  |z Great Britain  |v Biography. 
999 |a MARS 
999 f f |s ed5854c0-5630-360e-b4bd-d495bec44e0b  |i 349c00ea-5b86-3113-8de5-77c03490d798  |t 0 
952 f f |p ric  |a Texas A&M University  |b Rellis Campus  |c Joint Library Facility  |d Remote Storage  |t 0  |e PN2597 .M5  |h Library of Congress classification  |i unmediated -- volume  |m A14803708476 
998 f f |a PN2597 .M5  |t 0  |l Remote Storage